000 nam a22 a 4500
999 _c391274
_d391274
003 BLK
005 20201105100112.0
008 201105b bu ||||| |||| 00| 0 bu d
040 _aBLK
041 _aFRE
_cFRE
080 _aАнглийска литература
_b821.111
_x-21
_z821.111-21
100 1 _924252
_aShakespeare, William
_eпърви автор
245 _aLes Joyeuses Commeres de Windsor
_cWilliam Shakespeare
260 _aParis
_c1882
_9217674
_bLibr. de la Bibliotheque Nationale
300 _a159 с.
_c13 см
380 _aX
490 _9206365
_aCollection des meilleurs auteurs anciens et modernes
490 _9435080
_aКолекция Редки и ценни издания
852 _aРф 882
_bРц
942 _cKNG
_n0
_s1
944 _aCR
_c2020-11-05
_kВЙ
999 _d391274
999 _d391274
999 _d391274